| 000 | 01735cam a2200361 4500 | ||
|---|---|---|---|
| 001 | 8071 | ||
| 005 | 20230228141744.0 | ||
| 008 | 230228b |||||||| |||| 00| 0 eng d | ||
| 010 | _a 2009004879 | ||
| 020 | _a0061735191 | ||
| 020 | _a978-0-06-298187-5 | ||
| 020 | _a0062047418 | ||
| 020 | _a9780061735196 | ||
| 020 | _a9780062047410 | ||
| 082 | _a370.113 | ||
| 100 | _aSeelig, Tina. | ||
| 245 | 1 | 0 |
_aWhat I wish I knew when I was 20 : _ba crash course on making your place in the world / _cTina L. Seelig |
| 246 | 3 | _aWhat I wish I knew when I was twenty | |
| 250 | _aFirst edition | ||
| 264 | 1 |
_aNew York, NY : _bHarperCollins Publishers, _c2009 |
|
| 300 |
_a195 pages ; _c21 cm |
||
| 500 | _aIncludes bibliographical references | ||
| 504 | _aIncludes bibliographical references | ||
| 505 | 0 | _aBuy one, get two free -- The upside-down circus -- Bikini or die -- Please take out your wallets -- The secret sauce of Silicon Valley -- No way...engineering is for girls -- Turn lemonade into helicopters -- Paint the target around the arrow -- Will this be on the exam? -- Experimental artifacts -- Acknowledgments -- Notes | |
| 520 | 0 | _aInternational bestselling author shares fascinating examples, from the classroom to the boardroom, of individuals defying expectations, challenging assumptions, and achieving amazing success. The author throws out the old rules and provides a new model for reaching our highest potential | |
| 650 | 0 |
_aCareer education _zUnited States. |
|
| 650 | 0 | _aCreative ability. | |
| 650 | 0 | _aEntrepreneurship. | |
| 650 | 0 |
_aSchool-to-work transition _zUnited States. |
|
| 650 | 0 | _aTechnological innovations. | |
| 942 |
_2ddc _cMAIN |
||
| 999 |
_c6949 _d6949 |
||